Statistiques concernant Road House

Cliquez ici pour prendre le quiz!

Statistiques générales

  • Ce quiz a été pris 4 fois
  • Le résultat moyen est 11 sur 16

Statistiques - réponses

IndiceRéponse% Correct
Surnom d'ElisabethDoc
100%
Métier de sa petite amiemédecin / docteur
100%
Nom acteur personnage principalPatrick Swayze
100%
Il est l'ennemi de tout le mondeBrad Wesley
75%
Nom du barDouble Deuce
75%
Nom du personnage principalJames Dalton
75%
Lien de parenté entre Elisabeth et Redoncle/nièce
75%
Il se fait poignarderWade Garrett
75%
Date de sortie du film1989
50%
Titre québécois du filmBar routier
50%
Pain ...... ........don't hurt
50%
Particularité du chanteur du groupeil est aveugle
50%
La ville où se déroule le filmJasper, Missouri
50%
Il l'a tué en lui arrachantla carotide
50%
Be nice, until it's time to ..... .... .....not be nice
50%
Nom du groupe de musiqueThe Jeff Healey Band
50%

Distribution des résultats

Percentile par nombre de réponses

% des personnes avec chaque résultat

Votre développement - résultats

Vous n’avez pas pris ce quiz